000 00311nam a22001457a 4500
008 230721b ||||| |||| 00| 0 eng d
020 _a9780306457869
041 _aeng
080 _a159.9
082 _a159.9GRO
100 _a25
101 _aPSI
245 _aLIFE ON THE EDGE
_cGROSS .M
942 _2udc
_cBK
999 _c60198
_d60198